000 00871cam a2200253 a 4500
999 _c4605
_d4605
003 INP
005 20181126111627.0
008 030226s1988 mauaj fr 001 0 eng d
020 _a026220334
020 _a9780262720113
040 _aEG-INP
_cEG-INP
_bara
082 0 4 _a330.12
_221
_bj p
100 1 _aVickers, John.
245 1 0 _aPrivatization :
_ban economic analysis /
_cJohn Vickers and George Yarrow.
260 _a[Cambridge, Mass. :
_bMIT Press,
_c1988].
300 _a 454 p. :
_bill. ;
_c24 cm.
490 1 _aMIT Press series on the regulation of economic activity ;
_v18.
504 _aincludes bibliographical references and indexes.
650 0 _aPrivatization
_zGreat Britain.
_2qrmak
653 0 _aOrganization - Private enterprise.
700 1 _aYarrow, George,
_eCo-Author.
700 1 _aVickers, John,
_eCo-Author.
901 _aEGPV19
902 _aEGPV31
903 _acopycat